Álgebras de Lukasiewicz-Moisil 0-valuadas /
Guardado en:
| Otros Autores: | , |
|---|---|
| Formato: | Manuscrito |
| Idioma: | Spanish |
| Publicado: |
2015.
|
| Materias: | |
| Acceso en línea: | Texto completo |
| Etiquetas: |
Agregar Etiqueta
Sin Etiquetas, Sea el primero en etiquetar este registro!
|
| LEADER | 01205ntm a22002895a 4500 | ||
|---|---|---|---|
| 001 | MAT.inmabb007063 | ||
| 008 | 160930s2015####ag#a#####bm###000#0#spa#d | ||
| 005 | 20180221110316.0 | ||
| 245 | 1 | 0 | |a Álgebras de Lukasiewicz-Moisil 0-valuadas / |c Inés Beatriz Pascual. |
| 260 | |c 2015. | ||
| 300 | |a xxii, 288 p. : |b il. ; |c 30 cm. | ||
| 500 | |a Director de tesis: Aldo V. Figallo. | ||
| 500 | |a "Tesis de Doctorado en Matemática". | ||
| 502 | |a Tesis (doctoral)--Universidad Nacional del Sur, Departamento de Matemática, 2016. | ||
| 530 | |a Disponible también en formato digital. | ||
| 504 | |a Incluye referencias bibliográficas. | ||
| 100 | 1 | |a Pascual, Inés Beatriz. |4 dis | |
| 700 | 1 | |a Figallo, Aldo V. |q (Aldo Victorio) |4 ths | |
| 710 | 2 | |a Universidad Nacional del Sur. |b Departamento de Matemática |4 dgg. | |
| 082 | 0 | 4 | |a 040 |2 15 |
| 082 | 0 | 4 | |a 512.8 |2 15 |
| 650 | 7 | |a Matemáticas. |2 unbist | |
| 650 | 7 | |a Álgebra. |2 unbist | |
| 653 | |a Álgebras de Lukasiewicz-Moisil 0-valuadas | ||
| 856 | 4 | 1 | |3 Texto completo |u http://repositoriodigital.uns.edu.ar/handle/123456789/2875 |
| 859 | |a AR-BaUNS |b BIB. MATEMATICA |h 040 |i B148 2016-1469 |k R |p A-9103 | ||
| 859 | |a AR-BaUNS |b BIB. MATEMATICA |h 040 |i B148 2016-1469 |p 125701/016 | ||
